[Event "18th Delhi GM Open 2020"]
[Site "Delhi"]
[Date "2020.01.10"]
[Round "2.12"]
[White "David, Alberto"]
[Black "Mohammad Fahad, Rahman"]
[Result "1-0"]
[WhiteElo "2562"]
[BlackElo "2300"]
[Annotator "TA"]
[PlyCount "75"]
[EventDate "2020.01.09"]
[EventType "swiss"]
[EventCountry "IND"]
[SourceTitle "playchess.com"]
[Source "ChessBase"]
[SourceQuality "1"]

{[%evp 9,75,34,20,29,87,59,118,87,112,110,115,122,124,125,122,95,102,102,107,103,153,129,155,128,185,187,382,377,346,265,263,271,337,347,434,475,492,443,581,601,624,616,623,612,571,589,962,0,455,0,518,468,451,437,425,420,427,412,572,568,554,545,705,771,726,652,692,485]} 1. c4 e6 2. Nc3 Nf6 3. e4 d5 4. cxd5 exd5 5. e5 Ne4 6. d4 {A18: English Opening: Flohr-Mikenas System (1 c4 Nf6 2 Nc3 e6 3 e4)} (6. Nf3 Bf5 7. Be2 d4 8. Nxe4 Bxe4 9. Bc4 Bd5 10. Qb3 Bxc4 11. Qxc4 Nc6 12. O-O Qd7 13. d3 Be7 14. a3 {1-0 (37) Kovalenko,I (2674)-Lupulescu,C (2643) Khanty-Mansiysk 2019}) 6... Bf5 (6... Bb4 $11) 7. Bd3 $16 Bb4 $146 (7... c5 $14) ({Predecessor:} 7... Nc6 8. Nge2 Be7 9. f3 Nxc3 10. bxc3 Bxd3 11. Qxd3 Qd7 12. O-O O-O-O 13. Rb1 Na5 {0-1 (44) Watson,J (2210)-Guo,A (2265) Saint Louis 2019}) 8. Nge2 {White is better.} O-O 9. O-O Nc6 10. Na4 {a3 is the strong threat.} Bg6 11. a3 Be7 12. f3 Ng5 13. Bxg5 Bxg5 14. f4 {aiming for Bxg6.} Bxd3 15. Qxd3 Be7 16. Nac3 Na5 {[#]} (16... Qd7 $16) 17. f5 $1 $18 {[%cal Rf5f6] And now f6! would win.} Bg5 $2 {[#]} (17... f6 18. Nf4 c6) 18. f6 $1 {[%mdl 512]} g6 (18... gxf6 19. exf6) 19. h4 Bh6 20. g4 Re8 21. g5 Bf8 22. h5 Qd7 {Threatening ...c5.} 23. Rf4 c5 24. hxg6 cxd4 25. g7 Bxg7 26. Nxd4 {Hoping for Rh4.} Rxe5 27. Nf3 Ree8 28. Nd4 (28. Rh4 $142 h5 29. Kh1) 28... Re5 29. Nf3 $2 $40 {[%mdl 128] White is up to no good.} (29. fxg7 Rxg5+ 30. Kf2 Qd6 $18) ({Only move:} 29. Kf2 $18 Rxg5 30. Rh1) 29... Rae8 $2 {[%mdl 8192]} (29... Ree8 $1 $11 30. fxg7 Rad8) 30. Nxe5 Rxe5 31. fxg7 {Threatens to win with Ne4!} Rxg5+ 32. Kf2 Qd6 33. Ne2 Qh6 34. Rf1 {White is clearly winning.} Nc4 35. Ke1 Ne5 36. Qxd5 {[%cal Rf4f7] White wants to mate with Rxf7.} Qg6 37. Qd8+ ({Not} 37. Re4 $2 Nf3+ 38. Rxf3 Rxd5 $19) 37... Kxg7 38. Qf6+ {Accuracy: White = 87%, Black = 27%.} 1-0

[Event "18th Delhi GM Open 2020"]
[Site "Delhi"]
[Date "2020.01.10"]
[Round "2.13"]
[White "Lammers, Markus"]
[Black "Fedorov, Alexei"]
[Result "0-1"]
[WhiteElo "2325"]
[BlackElo "2562"]
[Annotator "TA"]
[PlyCount "68"]
[EventDate "2020.01.09"]
[EventType "swiss"]
[EventCountry "IND"]
[SourceTitle "playchess.com"]
[Source "ChessBase"]
[SourceQuality "1"]

{[%evp 14,70,53,35,66,51,64,8,63,74,62,27,56,55,56,43,55,17,6,-17,0,0,0,-33,-27,-25,-33,-67,-58,-253,-229,-309,-293,-429,-425,-418,-316,-314,-311,-423,-245,-402,-401,-497,-483,-458,-352,-801,-802,-784,-779,-893,-875,-4990,-2560,-5785,-5685,-29991,-29992]} 1. d4 g6 2. c4 Bg7 3. Nf3 c5 4. d5 d6 5. e4 e6 6. Nc3 Ne7 7. Be2 O-O 8. O-O e5 {A43: Schmid Benoni} (8... exd5 9. exd5 h6 10. h3 g5 11. Re1 Nd7 12. Ne4 Nf6 13. Nxf6+ Bxf6 14. Bd3 Kg7 15. Qc2 b5 16. cxb5 Nxd5 {0-1 (41) Gelfand,B (2758)-Ponomariov,R (2739) Khanty-Mansiysk 2009}) 9. Ne1 f5 10. f4 (10. f3 $14) 10... exf4 (10... Nd7 $1 $11) 11. Bxf4 $146 ({Predecessor:} 11. Rxf4 Bd4+ 12. Kh1 Be5 13. Rf3 fxe4 14. Nxe4 {1-0 (32) Mattson,D (2080)-Odeh,K (2012) Saint Paul 2010}) 11... fxe4 12. Qd2 e3 13. Bxe3 Rxf1+ 14. Bxf1 Nf5 15. Bg5 Qf8 $1 {[#] White must now prevent ...Bd4+.} 16. Bd3 Bd4+ 17. Kh1 h6 18. g4 {aiming for Bf4.} hxg5 19. gxf5 Bxf5 20. Nb5 Nd7 $1 {[%cal Rd7e5] Hoping for ...Ne5.} 21. Nxd4 $2 (21. Nf3 $1 $15) 21... cxd4 $40 {[%mdl 128] Black wants a kill.} 22. Bf1 Qf6 23. Bg2 (23. Nc2 $142 Rf8 24. Bg2) 23... Re8 24. Nc2 Bxc2 25. Qxc2 Qf5 26. Qd2 Qf4 (26... d3 $142 {Strongly threatening ...Re2.} 27. Rf1 Re2) 27. Qc2 $2 (27. Qxf4 gxf4 28. Bh3) 27... Kg7 28. Qa4 Nf6 {Threatens to win with ...Ng4!} 29. Rf1 Qe5 30. Bh3 $2 (30. Qd1) 30... Rh8 31. Qb3 b6 {And now ...g4 would win.} 32. Qa3 a5 33. Rf2 g4 34. Bf1 {[#]} Ne4 {Played: g4-g3} 0-1

[Event "18th Delhi GM Open 2020"]
[Site "Delhi"]
[Date "2020.01.10"]
[Round "2.14"]
[White "Lalith Babu M R"]
[Black "Sangma, Rahul"]
[Result "1-0"]
[WhiteElo "2558"]
[BlackElo "2291"]
[Annotator "TA"]
[PlyCount "81"]
[EventDate "2020.01.09"]
[EventType "swiss"]
[EventCountry "IND"]
[SourceTitle "playchess.com"]
[Source "ChessBase"]
[SourceQuality "1"]

{[%evp 14,81,30,22,48,44,71,58,63,61,72,63,64,65,70,63,109,102,102,116,118,137,163,165,156,157,141,133,199,170,186,174,188,168,156,126,112,45,108,107,164,170,143,108,128,132,95,75,68,92,107,93,308,289,447,474,499,519,502,513,538,533,536,530,526,522,525,514,712,705]} 1. d4 Nf6 2. c4 e6 3. Nf3 Bb4+ 4. Bd2 a5 5. g3 b6 6. Bg2 Bb7 7. O-O Bxd2 8. Nbxd2 d6 {E16: Queen's Indian: 4 g3 Bb7 5 Bg2 Bb4+} 9. Qc2 Nbd7 10. e4 e5 {White is slightly better.} 11. Rad1 (11. d5 O-O 12. Nb1 c6 13. dxc6 Bxc6 14. Nc3 Nc5 15. Rfe1 Qb8 16. Rad1 Rd8 17. Nh4 g6 18. Qc1 Qc7 19. Nf5 Ne6 {½-½ (46) Williams,S (2511)-Istratescu,A (2651) Haguenau 2013}) 11... Qe7 12. Rfe1 O-O 13. Nb1 {[%cal Bd2b1,Bb1c3,Bc3d5][%mdl 32]} Rfe8 14. Nc3 exd4 15. Nxd4 Nc5 16. b3 $146 ({Predecessor:} 16. f3 Rad8 17. Qf2 {½-½ (17) Paschall,W (2396)-Kallio,H (2501) Budapest 2005}) 16... h5 17. a3 Nfd7 18. Nd5 Qd8 19. Nb5 Na6 20. Re3 h4 (20... Ne5 $16 {might work better.}) 21. gxh4 Bxd5 22. cxd5 ({Stronger than} 22. exd5 Rxe3 23. fxe3 Qxh4 $11) 22... Qxh4 23. Rh3 $1 {[%cal Rh3h4]} Qg4 24. Rf1 Nf6 {[#]} 25. Qc1 ({Better is} 25. f3 $1 $16 {[%cal Rf3g4]} Qf4 26. Qc1 Qxc1 27. Rxc1) 25... Re5 ({Black should play} 25... Qd7 $1 $14 26. Nc3 Nc5) 26. f3 $16 Qg6 (26... Qd7 $16 27. Nd4 Nc5) 27. Rg3 $36 {[%mdl 2048] White has strong initiative.} Qh7 28. Nd4 Nh5 {[#]} 29. Rh3 $1 {aiming for f4.} Nc5 30. Qd2 Qg6 31. Nc6 Rae8 32. Nxe5 Rxe5 $2 (32... dxe5 $16 33. Qc2 Nf4) 33. b4 Nb3 (33... axb4 {was worth a try.} 34. axb4 Nd7) 34. Qe3 {White is clearly winning.} Rg5 35. Rf2 a4 36. f4 Rg4 {If only Black now had time for ...Nxf4....} 37. f5 Qg5 38. Qxg5 Rxg5 39. Rc3 Nd4 40. Rxc7 Nf4 41. Kf1 {Accuracy: White = 78%, Black = 49%.} 1-0

[Event "18th Delhi GM Open 2020"]
[Site "Delhi"]
[Date "2020.01.10"]
[Round "2.15"]
[White "Pranesh M"]
[Black "Ghosh, Diptayan"]
[Result "1/2-1/2"]
[WhiteElo "2317"]
[BlackElo "2550"]
[Annotator "TA"]
[PlyCount "48"]
[EventDate "2020.01.09"]
[EventType "swiss"]
[EventCountry "IND"]
[SourceTitle "playchess.com"]
[Source "ChessBase"]
[SourceQuality "1"]

{[%evp 13,48,9,30,14,44,48,44,26,64,58,58,43,82,79,85,82,98,88,96,89,79,97,95,100,104,83,79,90,95,76,77,37,53,0,27,14,15]} 1. e4 c6 2. d4 d5 3. e5 Bf5 4. Nf3 e6 5. Be2 Ne7 6. c3 Nd7 7. O-O h6 8. a4 {B12: Caro-Kann: Advance Variation} (8. Nbd2 Qc7 9. Re1 Bg6 10. b3 Nc8 11. Nf1 Be7 12. Ng3 c5 13. Bd3 Bxd3 14. Qxd3 Ncb6 15. Nh5 g6 {0-1 (57) Dominguez Perez,L (2763)-Karjakin,S (2750) Saint Louis 2019}) 8... a5 9. Na3 Bh7 10. Ne1 $146 {White is slightly better.} ({Predecessor:} 10. Nc2 c5 11. Nfe1 Nc6 12. Bd3 Bxd3 13. Nxd3 cxd4 14. Nxd4 Nc5 15. Nb5 Rc8 16. Nxc5 Bxc5 {½-½ (47) Fressinet,L (2652)-Arutinian,D (2555) Skopje 2019}) 10... c5 11. Nb5 {[%cal Rb5d6] [#]} Nc6 12. Bd3 Na7 13. Bxh7 Rxh7 14. Nxa7 Rxa7 15. Be3 Ra6 16. c4 dxc4 17. Qc2 Rh8 18. Qxc4 Rc6 19. Nf3 cxd4 20. Qxd4 Bc5 21. Qg4 g6 22. Bxc5 Rxc5 23. Rac1 (23. Rad1 $14) 23... Qc7 24. Rxc5 Qxc5 {Accuracy: White = 68%, Black = 41%.} 1/2-1/2

[Event "18th Delhi GM Open 2020"]
[Site "Delhi"]
[Date "2020.01.10"]
[Round "2.16"]
[White "Tukhaev, Adam"]
[Black "Aaryan Varshney"]
[Result "1/2-1/2"]
[WhiteElo "2548"]
[BlackElo "2287"]
[Annotator "TA"]
[PlyCount "85"]
[EventDate "2020.01.09"]
[EventType "swiss"]
[EventCountry "IND"]
[SourceTitle "playchess.com"]
[Source "ChessBase"]
[SourceQuality "1"]

{[%evp 16,85,8,8,13,0,0,-7,13,13,17,8,13,14,31,20,22,0,16,0,16,16,35,32,40,40,40,38,32,32,27,28,16,7,27,27,43,35,43,47,39,18,20,22,26,35,65,19,68,0,14,0,88,79,86,20,21,25,20,24,24,20,72,79,52,60,63,77,89,87,81,77]} 1. e4 c5 2. Nf3 d6 3. c3 Nf6 4. Be2 g6 5. O-O Bg7 6. Bb5+ Bd7 7. Bxd7+ Nbxd7 8. Re1 O-O 9. d4 Rc8 {B50: Sicilian: 2...d6, Miscellaneous} 10. h3 (10. Nbd2 cxd4 11. cxd4 Qc7 12. Nb3 Qc2 13. Qe2 Nb6 14. Na5 Qxe2 15. Rxe2 Rc7 16. b3 Rfc8 17. Bd2 {0-1 (59) Aronian,L (2758)-Artemiev,V (2746) chess.com INT 2019}) 10... Qb6 11. Qe2 $146 ({Predecessor:} 11. e5 Nd5 12. exd6 Qxd6 13. Na3 cxd4 14. Nxd4 a6 15. Bg5 e6 16. Nac2 h6 17. Bh4 {0-1 (45) Bok,B (2605)-Sebenik,M (2497) Sarajevo 2014}) 11... cxd4 {The position is equal.} 12. cxd4 d5 13. e5 $1 {[%cal Re5f6]} Ne4 14. Nbd2 f5 15. exf6 Ndxf6 16. Nxe4 Nxe4 17. Be3 Qe6 18. Rac1 Rxc1 19. Rxc1 Rc8 20. Rxc8+ Qxc8 21. Qb5 e6 22. Qa5 a6 23. Qb6 Bf6 24. Ne5 Bd8 25. Qb4 Bg5 26. Bxg5 Nxg5 27. Qd2 Nf7 28. Ng4 h5 29. Nh2 Kg7 30. Nf3 Qc7 31. g3 Qc8 32. Nh2 (32. h4 $14) 32... Qc7 33. Nf3 a5 (33... Qc8 $11 {remains equal.}) 34. Kg2 $16 b6 35. g4 ({White should play} 35. h4 $16) 35... hxg4 $11 36. hxg4 Qe7 37. g5 Nd6 38. Qf4 Ne4 (38... Kg8 $11) 39. Qe5+ $16 Kh7 40. Qh2+ Kg8 41. Qb8+ Qf8 42. Qxb6 {[%mdl 64] Double Attack} Qf5 {[#] Strongly threatening ...Qg4+.} 43. Qb8+ $1 {Accuracy: White = 55%, Black = 48%.} 1/2-1/2

[Event "18th Delhi GM Open 2020"]
[Site "Delhi"]
[Date "2020.01.10"]
[Round "2.17"]
[White "Srihari L R"]
[Black "Gholami, Aryan"]
[Result "0-1"]
[WhiteElo "2302"]
[BlackElo "2541"]
[Annotator "TA RC"]
[PlyCount "44"]
[EventDate "2020.01.09"]
[EventType "swiss"]
[EventCountry "IND"]
[SourceTitle "playchess.com"]
[Source "ChessBase"]
[SourceQuality "1"]

{[%evp 9,62,28,25,27,31,5,4,12,19,0,0,0,0,0,0,0,0,0,0,0,90,89,92,-195,-168,-192,-183,-172,-173,-181,-174,-654,-654,-633,-602,-910,-437,-877,-838,-1047,-834,-983,-747,-688,-659,-666,-657,-666,-666,-680,-656,-714,-706,-702,-705]} 1. d4 d5 2. c4 e6 3. Nf3 a6 4. cxd5 exd5 5. Nc3 Nf6 6. Bg5 {D37: Queen's Gambit Declined: 5 Bf4} Be6 7. Bxf6 (7. e3 Nbd7 8. Bd3 h6 9. Bf4 g5 10. Bg3 Nh5 11. Be5 Nhf6 12. Bg3 Nh5 13. Be5 Nhf6 {½-½ (13) Grischuk,A (2777)-Andreikin,D (2724) Moscow 2019}) 7... Qxf6 8. Qb3 {The position is equal.} Ra7 9. Nxd5 $146 ({Predecessor:} 9. e3 Bd6 10. Be2 Nd7 11. O-O c6 12. Rac1 O-O 13. Na4 Qh6 {½-½ (48) Petrosyan,M (2613)-Grachev,B (2614) Moscow 2019}) 9... Qd8 10. e4 c6 $1 {[%cal Rc6d5]} 11. Qb6 {Threatens to win with Nc7+.} cxd5 12. Qxa7 Bb4+ (12... dxe4 $5 13. Nd2 $8 Bb4 14. Qxb7 Bxd2+ 15. Kxd2 O-O $11) 13. Kd1 dxe4 14. Qxb7 {[%mdl 64] Double Attack} exf3 (14... O-O $1 $11 {keeps the balance.} 15. Qxe4 (15. Qxb4 Nc6 $17) 15... Bd5) 15. Qxb4 $16 {Hoping for Rc1.} Nc6 16. Qd2 $2 {[%mdl 8192]} (16. Qc5 $1 $16 {[%cal Rc5c6]} Nxd4 17. Ke1) 16... Nxd4 $19 17. gxf3 Qd5 18. Rg1 O-O $1 19. Rc1 {[#]} Rd8 $1 $40 {[%mdl 128] Black has strong attack.} ({Resist} 19... Qxf3+ 20. Be2 $15) 20. Bc4 $2 ({Not} 20. Bxa6 $2 Qxf3+ 21. Be2 Qf6 $19) (20. Rc3 Nxf3 {[%mdl 64] Double Attack, Discovered Attack} 21. Qxd5 Rxd5+ 22. Kc1 Nxg1 23. Rg3) 20... Qxf3+ {Black is clearly winning.} 21. Be2 Qf6 22. Bd3 {[#] White wants to play Qg5.} Bg4+ {Played: Nd4-f3} 0-1

[Event "18th Delhi GM Open 2020"]
[Site "Delhi"]
[Date "2020.01.10"]
[Round "2.18"]
[White "Debashis, Das"]
[Black "Manish Anto Cristiano F"]
[Result "1-0"]
[WhiteElo "2523"]
[BlackElo "2280"]
[Annotator "TA"]
[PlyCount "67"]
[EventDate "2020.01.09"]
[EventType "swiss"]
[EventCountry "IND"]
[SourceTitle "playchess.com"]
[Source "ChessBase"]
[SourceQuality "1"]

{[%evp 21,67,48,50,38,47,47,47,40,50,25,21,12,22,11,49,0,42,24,43,12,29,51,70,82,75,48,88,66,85,64,120,83,304,298,1337,1282,1336,1256,1327,1217,29990,29991,29997,0,29998,29999,29999,29999]} 1. Nf3 Nf6 2. g3 b6 3. Bg2 Bb7 4. O-O e6 5. c4 c5 6. Nc3 Be7 7. Re1 O-O 8. e4 d6 9. d4 cxd4 10. Nxd4 Qc8 11. b3 a6 12. Be3 {A30: Symmetrical English: Double Fianchetto and Hedgehog} (12. Bb2 Nbd7 13. h3 Re8 14. g4 g6 15. Rc1 Bf8 16. Qd2 Qc7 17. f4 e5 18. Nd5 Qd8 19. Nxf6+ Qxf6 20. Ne2 Nc5 {0-1 (29) Piorun,K (2517)-Neiksans,A (2559) Wroclaw 2014}) 12... Nbd7 13. Rc1 Qc7 14. h3 {White is slightly better.} Rac8 15. g4 Nc5 {[%cal Rf6e4]} 16. Qc2 h6 $1 17. f4 $146 ({Predecessor:} 17. Nde2 Qb8 18. Ng3 Rfe8 19. f4 Nh7 20. Red1 Bh4 21. Bf2 {0-1 (24) Genova,R (2188)-Bojkovic,N (2378) Valjevo 2011}) 17... Rfe8 18. a4 Qb8 19. g5 hxg5 20. fxg5 Nh7 21. h4 g6 22. Rf1 Bf8 23. Rf2 Bg7 24. Rcf1 $36 {[%mdl 2048] White fights for an advantage.} Re7 25. h5 gxh5 (25... Qc7 $14) 26. Qd1 $16 Qa8 $2 (26... Rcc7 $16 {keeps fighting.}) 27. Qxh5 $18 {[%cal Rf2f7]} Nxe4 $2 (27... Rcc7 28. g6 fxg6 29. Qxg6 Kh8) 28. Nxe4 Bxe4 29. Rxf7 Rcc7 30. g6 {[%csl Gg6][%cal Rh5h7]} Nf8 31. Bxe4 Qxe4 {[#]} 32. Rxf8+ $1 {[%mdl 576] Back Rank} Bxf8 {[#]} 33. Rxf8+ $1 {[%mdl 512]} Kg7 (33... Kxf8 34. Qh8#) 34. Qh8+ {Accuracy: White = 62%, Black = 25%.} 1-0

[Event "18th Delhi GM Open 2020"]
[Site "Delhi"]
[Date "2020.01.10"]
[Round "2.19"]
[White "Mohite, Ranveer"]
[Black "Grover, Sahaj"]
[Result "1/2-1/2"]
[WhiteElo "2281"]
[BlackElo "2521"]
[Annotator "TA"]
[PlyCount "84"]
[EventDate "2020.01.09"]
[EventType "swiss"]
[EventCountry "IND"]
[SourceTitle "playchess.com"]
[Source "ChessBase"]
[SourceQuality "1"]

{[%evp 16,84,25,25,30,25,23,23,34,31,25,28,20,11,28,-10,-11,-17,31,-18,22,0,0,0,-8,-64,-32,-33,-25,-31,-8,-31,-11,-26,-32,-43,0,0,0,0,0,0,0,0,72,72,65,65,65,29,29995,0,62,0,197,209,215,199,659,405,29992,402,393,355,379,0,0,0,338,0,0]} 1. e4 e5 2. Nf3 Nc6 3. Bb5 a6 4. Ba4 Nf6 5. O-O Bc5 6. c3 b5 7. Bb3 d6 8. a4 Bg4 9. h3 Bxf3 {C78: Ruy Lopez: Archangelsk and Möller Defences} (9... Bh5 10. d3 Rb8 11. Re1 b4 12. Nbd2 Na5 13. Bc2 O-O 14. g4 Bg6 15. Nf1 Re8 16. Ng3 d5 17. Qe2 bxc3 18. bxc3 {1-0 (39) Caruana,F (2828)-Kollars,D (2564) chess.com INT 2019}) 10. Qxf3 Na5 11. Bc2 b4 {White has an edge.} 12. d3 Rb8 13. Nd2 O-O 14. Re1 Re8 {[#]} 15. Bd1 $146 ({Predecessor:} 15. Nf1 bxc3 16. bxc3 Nb3 17. Bxb3 Rxb3 {½-½ (45) Kobalia,M (2632)-Onischuk,A (2662) Moscow 2015}) 15... Qd7 16. Qg3 Qc6 17. Nf1 bxc3 18. bxc3 (18. Bh6 {looks sharper.} g6 19. bxc3 Rb2 20. Re2 Rxe2 21. Bxe2 d5 22. exd5 Nxd5 23. Bf3) 18... Kh8 19. Bg5 Ng8 20. Bg4 (20. Ra2 $11) 20... Rb2 21. Re2 Reb8 22. Qf3 f6 23. Be3 Bxe3 24. Qxe3 Rxe2 ({Much weaker is} 24... Qxc3 $6 25. Rc1 $14) 25. Bxe2 Nb3 26. Rb1 {And now Bd1 would win.} Rb6 27. Bd1 $1 Qxc3 28. Bxb3 Rxb3 29. Rc1 Qa5 (29... Qxd3 $11 30. Rxc7 h5) 30. Qa7 $1 $16 {[%mdl 1024] White has strong compensation.} c5 31. Ne3 {White threatens Nf5! and mate.} Qb6 $1 {[%cal Rb6a7]} 32. Qf7 {Threatens to win with Nf5.} Qa5 $2 {[%mdl 8192] [#]} (32... Qb7 $11 33. Qxb7 Rxb7) 33. Qa7 $2 (33. Nf5 $1 {[%mdl 512] mates} Rb7 34. Qxb7 Ne7 35. Qxe7 {[%mdl 64] Double Attack} Qe1+ 36. Rxe1 h6 37. Qxg7#) 33... Qb6 $1 $14 {[%cal Rb6a7]} 34. Qf7 (34. Qd7 $14) 34... Qb8 $2 (34... Qa5 $11 {and Black has nothing to worry.} 35. Nf5 {[%mdl 64] Double Attack} Qc7 36. Qxc7 Rb7 37. Qxb7 Ne7 38. Qxe7 {[%mdl 64] Double Attack} h6 39. Qxg7#) 35. Nf5 $40 {[%csl Gf5][%cal Rf7g7][%mdl 128] White attacks with force.} Rb7 {[#]} 36. Nxd6 $1 {[%mdl 512]} Rb1 $2 (36... Ra7 37. Rxc5 h6) (36... Qxd6 37. Qxb7) 37. Rxb1 Qxb1+ 38. Kh2 {White wants to mate with Nf5.} Qc1 {[#] intending ...Qf4+.} 39. h4 $1 {Black must now prevent Nf5.} Qf4+ 40. Kg1 Qc1+ 41. Kh2 Qf4+ 42. Kg1 $2 ({White has to play} 42. Kh3 $18 g5 43. hxg5 Qxg5 44. g3) 42... Qc1+ {Accuracy: White = 60%, Black = 42%.} 1/2-1/2

[Event "18th Delhi GM Open 2020"]
[Site "Delhi"]
[Date "2020.01.10"]
[Round "2.20"]
[White "Visakh N R"]
[Black "Pranav Vijay"]
[Result "1-0"]
[WhiteElo "2518"]
[BlackElo "2265"]
[Annotator "TA"]
[PlyCount "61"]
[EventDate "2020.01.09"]
[EventType "swiss"]
[EventCountry "IND"]
[SourceTitle "playchess.com"]
[Source "ChessBase"]
[SourceQuality "1"]

{[%evp 17,74,5,25,0,20,17,0,8,29,29,74,68,75,64,82,64,95,88,147,135,196,186,308,306,289,283,307,311,372,397,378,378,757,734,716,675,1316,1283,1250,1155,1093,950,29985,29986,29985,29986,29988,29989,29990,29991,29992,29991,29991,29992,29996,29997,29997,29998,29999]} 1. d4 Nf6 2. c4 e6 3. Nf3 b6 4. g3 Ba6 5. b3 Bb4+ 6. Bd2 Be7 7. Nc3 O-O 8. Bg2 c6 9. e4 d5 $1 10. exd5 {E15: Queen's Indian: 4 g3 sidelines, 4 g3 Ba6 and 4 g3 Bb7 early deviations} exd5 (10... cxd5 11. Ne5 Bb7 12. O-O Nc6 13. Bf4 Na5 14. Rc1 Rc8 15. Qe2 Ba3 16. Rc2 Bb4 17. Bg5 Re8 {½-½ (41) Cheparinov,I (2666)-Banikas,H (2601) Patras 2019}) 11. O-O dxc4 12. Re1 {The position is equal.} Bb4 13. Rc1 {[#]} cxb3 $146 ({Predecessor:} 13... Nbd7 14. bxc4 Bxc4 15. Ne5 Nxe5 16. dxe5 Nd7 17. Re4 Bxc3 18. Bxc3 Be6 19. Rd4 Rc8 20. Rd6 Rc7 21. Bxc6 Qc8 22. Bb2 Nc5 23. Bd5 Bxd5 {½-½ (23) Bochev,K (2389)-Moura,A (2528) ICCF email 2014}) 14. Qxb3 Bxc3 15. Qxc3 Nd5 16. Qb3 Bc8 17. Ne5 Be6 {[#]} (17... Bb7 $142) 18. Rxc6 $1 $16 ({And not} 18. Nxc6 Nxc6 19. Rxc6 Nf4 $11) 18... Kh8 (18... Nxc6 $16 19. Nxc6 Qd7 20. Bxd5 {[%mdl 64] Remove Defender, Overworked Piece} Bxd5 21. Qxd5 Qxd5 22. Ne7+ {[%mdl 64] Double Attack} Kh8 23. Nxd5 Rfd8) 19. Rcc1 $18 Nf4 {[#]} (19... Na6 $142) 20. d5 $1 {[%cal Rd5e6][%mdl 64] Deflection} Nxd5 {next ...Nf4 is good for Black.} ({Much weaker is} 20... Nxg2 21. dxe6 fxe6 22. Red1 $18) 21. Qd3 a5 22. f4 Na6 23. f5 Nc5 24. Qf3 Nc7 $2 (24... Kg8 25. fxe6 fxe6) 25. fxe6 Qxd2 26. e7 Rfe8 27. Rcd1 Qxa2 28. Nxf7+ Kg8 29. Nd6 h6 30. Nxe8 {White mates.} Rxe8 31. Qc6 {Played: Rd1-d8} 1-0

[Event "18th Delhi GM Open 2020"]
[Site "Delhi"]
[Date "2020.01.10"]
[Round "2.21"]
[White "Lokesh, N.."]
[Black "Yudin, Sergei"]
[Result "0-1"]
[WhiteElo "2264"]
[BlackElo "2508"]
[Annotator "TA"]
[PlyCount "60"]
[EventDate "2020.01.09"]
[EventType "swiss"]
[EventCountry "IND"]
[SourceTitle "playchess.com"]
[Source "ChessBase"]
[SourceQuality "1"]

{[%evp 17,60,48,53,42,40,0,0,0,0,0,0,0,9,5,0,-38,-36,-87,-52,-157,-135,-197,-98,-91,-99,-211,-176,-286,-264,-258,-263,-264,-256,-336,-375,-339,-347,-370,-358,-357,-358,-347,-327,-520,-509]} 1. e4 d6 2. d4 Nf6 3. Nc3 e5 4. Nf3 Nbd7 5. Bc4 Be7 6. O-O O-O 7. Re1 c6 8. a4 h6 9. h3 Re8 10. Ba2 {C41: Philidor Defence} Qc7 11. dxe5 dxe5 12. Nh4 {The position is equal.} Nf8 13. Qf3 Be6 14. Nf5 {With the idea Qg3!} Bxa2 15. Rxa2 Ne6 {[#]} 16. h4 $146 ({Predecessor:} 16. Be3 Kh7 17. Raa1 Bf8 18. Rad1 Ng8 19. Rd2 Rad8 {½-½ (19) Kobalia,M (2637)-Bologan,V (2684) Dagomys 2010}) 16... h5 17. Nd1 (17. Nxe7+ $15 Qxe7 18. Qg3) 17... g6 18. Nh6+ {[#]} (18. Nxe7+ $15 Qxe7 19. Qe3) 18... Kg7 $1 $17 19. Ne3 (19. Qg3 $17) 19... Bf8 (19... Rh8 $19 {and Black stays clearly on top.} 20. Qg3 Bf8) 20. c3 Rad8 21. b4 (21. Nc4 $17) 21... Nf4 $19 22. g3 {[#]} (22. Rc2 $142) 22... Nd3 $1 {[%cal Rd3e1]} ({Worse is} 22... Kxh6 23. Nc4 $11) 23. Rd1 Nxc1 24. Rxc1 {Now g4 and White clings on.} Re6 25. g4 {If only White now had time for g5....} Kxh6 26. g5+ Kg7 27. gxf6+ Rxf6 28. Qe2 a5 29. Rb2 Kh7 30. bxa5 (30. f3 $142) 30... Ba3 {[%mdl 64] Skewer. Accuracy: White = 27%, Black = 75%.} 0-1